| 000 | 01149cam a2200337 a 4500 | ||
|---|---|---|---|
| 001 | 15747110 | ||
| 003 | ARRUPE | ||
| 005 | 20221130143040.0 | ||
| 008 | 090521s2008 enk 000 0 eng | ||
| 010 | _a 2009294753 | ||
| 015 |
_aGBA872829 _2bnb |
||
| 016 | 7 |
_a014632871 _2Uk |
|
| 020 | _a9780007280865 (pbk.) | ||
| 028 | _bArrupe | ||
| 035 | _a(OCoLC)ocn230989129 | ||
| 040 |
_aUKM _cUKM _dBTCTA _dDLC |
||
| 042 | _alccopycat | ||
| 050 | 0 | 0 |
_aGV1507.C7 _bB67 2008 |
| 082 | 0 | 4 |
_a793.732 _222 |
| 245 | 0 | 0 |
_aBradford's crossword solver's lists / _c[Anne R. Bradford, consulting ed.] |
| 246 | 1 | 3 | _aBradford's crossword lists |
| 250 | _a2nd ed. | ||
| 260 |
_aLondon : _bHarperCollins Pub., _c2008. |
||
| 300 |
_a611 p. ; _c22 cm. |
||
| 500 | _aPrevious ed.: published as Bradford's crossword lists. 2004. | ||
| 650 | 0 |
_aCrossword puzzles _vGlossaries, vocabularies, etc. _951366 |
|
| 700 | 1 |
_aBradford, Anne R. _q(Anne Rae), _d1930- _951365 |
|
| 906 |
_a7 _bcbc _ccopycat _d2 _encip _f20 _gy-gencatlg |
||
| 942 |
_2lcc _cMONOGRAPH |
||
| 999 |
_c131622 _d131622 |
||